| 000 | 01109nam a2200229Ia 4500 | ||
|---|---|---|---|
| 999 |
_c44904 _d44904 |
||
| 001 | 11723 | ||
| 003 | GE_BSU | ||
| 005 | 20200402144831.0 | ||
| 008 | 181216s1967||||ge |||||||||||||| ||geo|| | ||
| 040 | _cGE_BSU | ||
| 041 | _ageo | ||
| 080 | _a81'374.373.2=353 ღ-73 | ||
| 100 |
_aღლონტი, ალ. _91038 |
||
| 245 |
_aქართველური საკუთარი სახელები : _bანთროპონიმთა ლექსიკონი / _cალ. ღლონტი ; რედ. ირ. არაბული ; მხატვ. გ. გორგილაძე. |
||
| 264 |
_aთბილისი : _bსაბჭოთა საქართველო, _c1967. |
||
| 300 |
_a229 გვ. ; _c22 სმ. |
||
| 653 | _aქართველური საკუთარი სახელები | ||
| 653 | _aანთროპონიმთა ლექსიკონი | ||
| 700 |
_aარაბული, ირ. _eრედაქტორი _97843 |
||
| 700 |
_aგორგილაძე, გ. _eმხატვარი _97844 |
||
| 942 |
_cBK _2udc |
||